00506 a2200157 4500010001500000020002600015035001400041037001500055082001300070100001700083245010000100250000600200260003300206270008300239300002600322 aENG-139764 c595.00a9788178244822 aEN-123296 bDBAD / PUB14a333.322 aGuha Ranajit1 aA Rule of Property For Bengal:cBy Ranajit Guha bAn Essays on theIdea of Permanent Settlement/ a2 aDelhibPermanent Blackc2017 a'Himalayana', Mall Road, Ranikhet CanttbRanikhet e263645mperblack@gmail.com axxxii,297pc21cm(Pbk)